История технологии буровзрывных работ

Bibliografiska uppgifter
Huvudupphovsman: Лыхин П. А. Павел Александрович
Språk:ryska
Publicerad: Пермь, Пресстайм, 2011
Materialtyp: MixedMaterials Bok
KOHA link:https://koha.lib.tpu.ru/cgi-bin/koha/opac-detail.pl?biblionumber=204505

MARC

LEADER 00000nam1a2200000 4500
001 204505
005 20231031190054.0
035 |a (RuTPU)RU\TPU\book\222918 
090 |a 204505 
100 |a 20111124d2011 m y0rusy50 ca 
101 0 |a rus 
102 |a RU 
200 1 |a История технологии буровзрывных работ  |f П. А. Лыхин 
210 |a Пермь  |c Пресстайм  |d 2011 
700 1 |a Лыхин  |b П. А.  |g Павел Александрович 
801 1 |a RU  |b 63413507  |c 20111124 
942 |c BK